| 000 -LEADER |
| fixed length control field |
00516cam a22001697a 4500 |
| 008 - FIXED-LENGTH DATA ELEMENTS--GENERAL INFORMATION |
| fixed length control field |
180718b2003 xxu||||| |||| 00| 0 eng d |
| 020 ## - INTERNATIONAL STANDARD BOOK NUMBER |
| International Standard Book Number |
812200654X |
| 082 ## - DEWEY DECIMAL CLASSIFICATION NUMBER |
| Classification number |
G2x54 M474 |
| 245 ## - TITLE STATEMENT |
| Title |
Indian parliament: a comparative perspective |
| Statement of responsibility, etc. |
edited by Ajay K. Mehra and Gert W. Kueck |
| 260 ## - PUBLICATION, DISTRIBUTION, ETC. |
| Place of publication, distribution, etc. |
Delhi |
| Name of publisher, distributor, etc. |
Konark |
| Date of publication, distribution, etc. |
2003 |
| 300 ## - PHYSICAL DESCRIPTION |
| Extent |
459p. |
| 650 ## - SUBJECT ADDED ENTRY--TOPICAL TERM |
| Topical term or geographic name entry element |
India --Politics and government --1947- |
| 650 ## - SUBJECT ADDED ENTRY--TOPICAL TERM |
| Topical term or geographic name entry element |
Comparative government |
| 650 ## - SUBJECT ADDED ENTRY--TOPICAL TERM |
| Topical term or geographic name entry element |
India. Parliament |
| 700 ## - ADDED ENTRY--PERSONAL NAME |
| Personal name |
Kueck, Gert W. |
| 700 ## - ADDED ENTRY--PERSONAL NAME |
| Personal name |
Mehra, Ajay K. |